000 00561nam a2200133 a 4500
008 140925s1981 ||||||||||||||||| || u
050 _aILO (02) 1981/6
100 _aKamya, Andrew
245 1 0 _aFactors affecting efficiency in the informal sector in Lusaka and Kitwe: paper presented at a serminar on...
_cby Andrew Kamya
260 _aLusaka
_bILO
_c1981
300 _ap. 40
650 _aINFORMAL SECTOR--EFFECIENCY
995 _FCBU-MAIN LIBRARY (Kitwe)
_M1
_UAVAILABLE
_WSep 25, 2014
_ZInternational Publications
999 _c43075
_d43075